Tech talk: Teacher's book

Guardat en:
Dades bibliogràfiques
Autor principal: Vicki Hollett
Format: Llibre
Idioma:Undetermined
Publicat: Oxford Oxford University Press 2005
Matèries:
Etiquetes: Afegir etiqueta
Sense etiquetes, Sigues el primer a etiquetar aquest registre!
Thư viện lưu trữ: Trung tâm Học liệu Trường Đại học Cần Thơ
LEADER 00554nam a2200217Ia 4500
001 CTU_101997
008 210402s9999 xx 000 0 und d
020 |c 88000 
082 |a 428.24 
082 |b H737 
100 |a Vicki Hollett 
245 0 |a Tech talk: 
245 0 |b Teacher's book 
245 0 |c Vicki Hollett, John Sydes 
260 |a Oxford 
260 |b Oxford University Press 
260 |c 2005 
650 |a english language 
650 |x study and teaching 
904 |i Truc 
980 |a Trung tâm Học liệu Trường Đại học Cần Thơ